Devine le jeux video par emojie - Statistiques

Statistiques générales
  • Ce quiz a été pris 99 fois
  • Le résultat moyen est 5 sur 12
Statistiques - réponses
Hint Réponse % Correct
⚽🏃‍♂️🥅 FIFA
92%
👨🏾💸🚘 GTA
72%
🍬🧁🍩 candy crush
70%
🚗⚽⚔ rocket league
70%
🔴Ⓜ🟢L mario
62%
🚎🦙🗡 fortnite
54%
🟡+👻 pacman
49%
⬛🌍Ⓜ minecraft
36%
🔲🤖⚫ roblox
17%
🟩➡🔺 geometrie dash
16%
🟡+🦖🔴+⚪ pokemon
5%
🎇⚔📱 brawl star
4%
Aucun quiz correspondant
Distribution des résultats
% des personnes avec chaque résultat
Percentile par nombre de réponses
Votre historique - résultats
Vous n’avez pas pris ce quiz